| 000 | 00373cam a22001217a 4500 | ||
|---|---|---|---|
| 008 | 180718b-- xxu||||| |||| 00| 0 eng d | ||
| 082 | _aA6x91 Un3n | ||
| 245 |
_aNetherlands East Indies _cby Naval Intelligence Division |
||
| 260 |
_aLondon _bH.M.S.O. _c-- |
||
| 300 | _a2v. | ||
| 500 | _aContents: v.1. 525+p.;v.2. 514+p. | ||
| 700 | _aUnited Kingdom. Naval Intelligence Division | ||
| 999 |
_c487278 _d487278 |
||